000 00430nam a2200157Ia 4500
008 240729s9999 xx 000 0 und d
022 _a2532-3997
245 0 _aSubstantia
260 _aItaly
260 _bFirenze University Press
650 _a Chemistry
650 _aHistory (General) and history of Europe | Science
856 _uhttps://doaj.org/toc/c15df3681f344fc0b206091ab7880cdc
942 _2ddc
942 _cDOAJEJ
999 _c65723
_d65723
945 _a1
_bMadushi Gamage
_c1
_dMadushi Gamage